[Event "Provence-ch prom Vitrolles 9394"]
[Site "France"]
[Date "1993.??.??"]
[Round "2"]
[White "Navarro, JM."]
[Black "Midoux, Sebastien"]
[Result "0-1"]
[WhiteElo "1630"]
[BlackElo "1930"]
[PlyCount "46"]
[EventDate "1993.??.??"]
[EventType "tourn"]
[EventRounds "9"]
[EventCountry "FRA"]
[SourceTitle "EXT 2005"]
[Source "ChessBase"]
[SourceDate "2004.11.15"]
[SourceVersion "1"]
[SourceVersionDate "2004.11.15"]
[SourceQuality "1"]

1. d4 f5 2. c4 e6 3. Nc3 Nf6 4. g3 d5 5. Bg2 c6 6. cxd5 exd5 7. e3 Bd6 8. Nge2 0-0 9. Qc2 Nbd7 10. Bd2 Qe7 11. 0-0-0 b5 12. h3 Nb6 13. Rdg1 b4 14. Nb1 Ba6 15. Kd1 Ne4 16. Bxe4 fxe4 17. Nf4 g5 18. b3 gxf4 19. gxf4+ Kf7 20. Rg5 h6 21. Rg3 Bd3 22. Qb2 Rg8 23. Ke1 Qh4 0-1

[Event "Provence-ch prom Vitrolles 9394"]
[Site "France"]
[Date "1993.??.??"]
[Round "9"]
[White "Ortega, C1111"]
[Black "Navarro, JM."]
[Result "1/2-1/2"]
[WhiteElo "1830"]
[BlackElo "1630"]
[PlyCount "148"]
[EventDate "1993.??.??"]
[EventType "tourn"]
[EventRounds "9"]
[EventCountry "FRA"]
[SourceTitle "EXT 2005"]
[Source "ChessBase"]
[SourceDate "2004.11.15"]
[SourceVersion "1"]
[SourceVersionDate "2004.11.15"]
[SourceQuality "1"]

1. e4 d5 2. exd5 Qxd5 3. Nc3 Qa5 4. d4 Nc6 5. Bc4 Nf6 6. Nge2 Bg4 7. 0-0 0-0-0 8. Be3 e6 9. Qd2 Bd6 10. f3 Qh5 11. Bf4 Bf5 12. Bxd6 Rxd6 13. Nb5 Rd7 14. Ng3 Qg6 15. Nxf5 Qxf5 16. c3 h5 17. Qe3 Nd5 18. Bxd5 Rxd5 19. Na3 e5 20. dxe5 Rxe5 21. Qf2 Rhe8 22. Rfe1 Qe6 23. Kf1 a6 24. Rxe5 Qxe5 25. Re1 Qxe1+ 26. Qxe1 Rxe1+ 27. Kxe1 Kd7 28. Nc4 Ke6 29. Ke2 g5 30. Ke3 Kd5 31. Nd2 Ne7 32. Ne4 Nf5+ 33. Kf2 Ke5 34. Nxg5 Nd6 35. b3 f6 36. Nh3 Nb5 37. c4 Nd6 38. Ke2 Kd4 39. Kd2 Nf5 40. Nf4 Ng7 41. g3 c5 42. Nd5 Ne8 43. Nf4 Ng7 44. Ne2+ Ke5 45. Kc3 Ne6 46. a3 Kf5 47. h4 Ke5 48. b4 b6 49. Kd3 f5 50. Ke3 Kd6 51. Nf4 Ng7 52. Nd5 b5 53. Kd3 cxb4 54. axb4 Ne6 55. Nf6 Ng7 56. g4 hxg4 57. fxg4 Ke5 58. cxb5 axb5 59. g5 Ne6 60. Nd7+ Kf4 61. g6 Kg4 62. Nf8 Ng7 63. Kd4 Kxh4 64. Kc5 f4 65. Nd7 f3 66. Ne5 f2 67. Nf3+ Kg3 68. Nd2 Kf4 69. Kxb5 Kf5 70. Kc6 Ne6 71. b5 Kxg6 72. b6 Nd4+ 73. Kd5 Nb5 74. b7 Nc7+ 1/2-1/2